书目信息 |
| 题名: |
谁在操纵你?
|
|
| 作者: | 布瑞克, 著 ;付蕾 译 | |
| 分册: | ||
| 出版信息: | 北京 中国水利水电出版社 2005.01 |
|
| 页数: | 208页 | |
| 开本: | 24cm | |
| 丛书名: | 大众心理专家译丛 | |
| 单 册: | ||
| 中图分类: | C912.1 | |
| 科图分类: | ||
| 主题词: | 人间交往 | |
| 电子资源: | ||
| ISBN: | 7-5084-2551-0 | |
| 000 | 01234nam 2200277 450 | |
| 001 | 0141631343 | |
| 005 | 20050530151258.01 | |
| 010 | @a7-5084-2551-0@dCNY 25.00 | |
| 100 | @a20050407d2005 km y0chiy0120 ea | |
| 101 | 1 | @achi@ceng |
| 102 | @aCN@b110000 | |
| 105 | @ay z 000yy | |
| 200 | 1 | @a谁在操纵你?@Ashui zai cao zong ni?@f(美) 哈丽雅特·B·布瑞克著@F(mei)ha li ya te·B·bu rui ke zhu@d= Harriet B. Braiker@g付蕾等译@Gfu lei deng yi |
| 210 | @a北京@c中国水利水电出版社@d2005.01 | |
| 215 | @a208页@d24cm | |
| 225 | 2 | @a大众心理专家译丛 |
| 312 | @a英文并列题名取自版权页。 | |
| 330 | @a每个人都有可能陷入操纵关系中,无论这个操纵者是谁——你的亲戚、伴侣、同事还是朋友,操纵者都会借助各种情绪、侮辱言行和心理游戏控制另一方。他们看似值得信赖,但最终却会令你的生活一团糟。《谁在操纵你?》一书即是针对生活中这一无处不在但又极易被忽视的危险关系。 | |
| 410 | 0 | @12001 @a大众心理专家译丛 |
| 510 | 1 | @aWho's pulling your string?@ehow to break the cycle of manipulation and regain control of your life@zeng |
| 606 | 0 | @a人间交往 |
| 690 | @aC912.1@v4 | |
| 701 | 1 | @a布瑞克,@Abu rui ke,@bH. B.@g(Braiker, Harriet B.),@f1948-@4著 |
| 702 | 0 | @a付蕾@Afu lei@4译 |
| 801 | 0 | @aCN@bQSSK@c20050530 |
| 905 | @a10447@dC912.1@eB984 | |
| 谁在操纵你?/(美) 哈丽雅特·B·布瑞克著= Harriet B. Braiker/付蕾等译.-北京:中国水利水电出版社,2005.01 |
| 208页;24cm.-(大众心理专家译丛) |
| ISBN 7-5084-2551-0:CNY 25.00 |
| 每个人都有可能陷入操纵关系中,无论这个操纵者是谁——你的亲戚、伴侣、同事还是朋友,操纵者都会借助各种情绪、侮辱言行和心理游戏控制另一方。他们看似值得信赖,但最终却会令你的生活一团糟。《谁在操纵你?》一书即是针对生活中这一无处不在但又极易被忽视的危险关系。 |
| ● |
| 相关链接 |
|
|
|
正题名:谁在操纵你?
索取号:C912.1/B984
 
预约/预借
| 序号 | 登录号 | 条形码 | 馆藏地/架位号 | 状态 | 备注 |
| 1 | 499494 | 204994943 | 社科库509/509社科库 56排6列3层/ [索取号:C912.1/B984] | 在馆 | |
| 2 | 499495 | 204994952 | 社科库509/422社科库 40排3列3层/ [索取号:C912.1/B984] | 在馆 | |
| 3 | 499496 | 204994961 | 社科库509/509社科库 56排6列3层/ [索取号:C912.1/B984] | 在馆 |